[Event "ODEM U25A 2013"]
[Site "Oberhof GER"]
[Date "2013.05.25"]
[Round "9"]
[White "Wenninger, Philipp"]
[Black "Grewenig, Jan"]
[Result "1-0"]
[Termination "normal"]
[Board "1"]
[WhiteElo "2220"]
[BlackElo "2002"]
[PlyCount "93"]
[WhiteFideId "4648404"]
[BlackFideId "4657330"]
[EventCountry "GER"]
[EventRounds "9"]
[EventType "swiss"]
[EventDate "2013.05.18"]

1. d4 d5 2. c4 Nc6 3. Nf3 Bg4 4. e3 e6 5. Nc3 Nf6 6. Be2 Bb4 7. O-O O-O 8. a3
Bxc3 9. bxc3 dxc4 10. Bxc4 Ne4 11. Qc2 Bxf3 12. gxf3 Ng5 13. Qe2 Qf6 14. f4 Ne4
15. Bb2 Qh6 16. Bd3 Nd6 17. c4 Ne7 18. Kh1 Ndf5 19. Rg1 f6 20. Rg2 g6 21. Rag1
Ng7 22. Bc3 Rad8 23. Be4 b6 24. a4 c5 25. a5 cxd4 26. Bxd4 Rxd4 27. exd4 Qxf4
28. axb6 axb6 29. Qe3 Qd6 30. c5 bxc5 31. dxc5 Qe5 32. Bf3 Qxe3 33. fxe3 Rc8
34. Rc2 Ngf5 35. Rc3 e5 36. Rb1 Kf7 37. Rb7 Ke6 38. Bd1 e4 39. Bb3+ Ke5 40. Rd7
Rc6 41. Ba4 Ra6 42. Bb3 Rc6 43. Kg1 h5 44. Kf2 g5 45. Rc4 Ke6 46. Rcd4+ Ke5 47.
R7d5+ 1-0

[Event "ODEM U25A 2013"]
[Site "Oberhof GER"]
[Date "2013.05.25"]
[Round "9"]
[White "Gölz, Daniel"]
[Black "Jahncke, Giso"]
[Result "1-0"]
[Termination "normal"]
[Board "2"]
[BlackTitle "CM"]
[WhiteElo "2137"]
[BlackElo "2214"]
[PlyCount "101"]
[WhiteFideId "24626325"]
[BlackFideId "24608289"]
[EventCountry "GER"]
[EventRounds "9"]
[EventType "swiss"]
[EventDate "2013.05.18"]

1. e4 c5 2. Nc3 Nc6 3. g3 g6 4. Bg2 Bg7 5. d3 d6 6. Nge2 e5 7. O-O Nge7 8. Bg5
f6 9. Bd2 O-O 10. a3 a5 11. Nb5 a4 12. c4 Nd4 13. Nexd4 exd4 14. Bf4 Ra6 15. b3
axb3 16. Qxb3 g5 17. Bd2 Ng6 18. Qd1 g4 19. h3 gxh3 20. Bh1 Ne5 21. f4 Bg4 22.
Qc2 Nf7 23. a4 Qd7 24. Rfb1 Nh6 25. a5 h2+ 26. Kxh2 f5 27. Na3 Qf7 28. Kg1 Qh5
29. Be1 Bf3 30. Qh2 Qxh2+ 31. Kxh2 Ng4+ 32. Kg1 Bxh1 33. Kxh1 fxe4 34. Rxb7
exd3 35. Nb5 d5 36. cxd5 c4 37. Nc7 Rh6+ 38. Kg1 d2 39. Bxd2 d3 40. Rc1 Bd4+
41. Kg2 Rh2+ 42. Kf3 Nf6 43. Be3 d2 44. Rf1 c3 45. Bxd4 c2 46. Rbb1 Nxd5 47.
Nxd5 Rd8 48. Ke4 Re2+ 49. Ne3 Re8+ 50. Kd3 cxb1=Q+ 51. Rxb1 1-0

[Event "ODEM U25A 2013"]
[Site "Oberhof GER"]
[Date "2013.05.25"]
[Round "9"]
[White "Poetsch, Hagen"]
[Black "Frischmann, Rick"]
[Result "1-0"]
[Termination "normal"]
[Board "3"]
[WhiteTitle "IM"]
[WhiteElo "2431"]
[BlackElo "2254"]
[PlyCount "93"]
[WhiteFideId "24615137"]
[BlackFideId "24660752"]
[EventCountry "GER"]
[EventRounds "9"]
[EventType "swiss"]
[EventDate "2013.05.18"]

1. e4 c5 2. Nf3 e6 3. b3 a6 4. Bb2 d6 5. Bd3 Nc6 6. O-O e5 7. h3 g6 8. c3 Bg7
9. Bc2 Nf6 10. d4 Qe7 11. dxc5 dxc5 12. Nbd2 O-O 13. Nc4 Rd8 14. Qe1 Qc7 15.
Qe3 b5 16. Ncd2 Qe7 17. a4 Bd7 18. Bd3 Rab8 19. axb5 axb5 20. Ra6 Nh5 21. Rfa1
Nf4 22. Bf1 Bh6 23. Kh2 Qf8 24. Qe1 Be8 25. Bc1 Nd3 26. Bxd3 Rxd3 27. Nf1 b4
28. cxb4 Rxb4 29. Bxh6 Qxh6 30. Ra8 Kf8 31. Qc1 Qxc1 32. Rxc1 Rb5 33. Ne3 Rdxb3
34. Nd5 Rb8 35. Rxb8 Rxb8 36. Rxc5 Kg7 37. Nc7 Nd4 38. Nxe5 Nb3 39. Rc3 Nd4 40.
Rd3 Nc2 41. Rf3 Ne1 42. Rc3 Ba4 43. Nd5 Rb7 44. Rc1 Nc2 45. Nd3 Bb3 46. Nc5
Bxd5 47. Rxc2 1-0

[Event "ODEM U25A 2013"]
[Site "Oberhof GER"]
[Date "2013.05.25"]
[Round "9"]
[White "Cremer, Jan Paul"]
[Black "Feldheim, Jonas"]
[Result "1-0"]
[Termination "normal"]
[Board "5"]
[WhiteElo "2195"]
[BlackElo "2024"]
[PlyCount "91"]
[WhiteFideId "24686115"]
[BlackFideId "24697583"]
[EventCountry "GER"]
[EventRounds "9"]
[EventType "swiss"]
[EventDate "2013.05.18"]

1. e4 c5 2. Nf3 g6 3. d4 cxd4 4. Nxd4 Bg7 5. c4 Nc6 6. Be3 Nf6 7. Nc3 O-O 8.
Be2 d6 9. O-O Bd7 10. Nc2 a5 11. f3 Be6 12. Qd2 Nd7 13. b3 Nc5 14. Bh6 Qb6 15.
Kh1 Rfc8 16. Bxg7 Kxg7 17. f4 f6 18. Rab1 Nb4 19. Nd4 Bf7 20. a3 Nc6 21. Ndb5
Qd8 22. b4 axb4 23. axb4 Na4 24. Nd5 Nb6 25. Qe3 Nd7 26. Bg4 e6 27. Ndc3 Nb6
28. Nxd6 Qxd6 29. Qxb6 Qd3 30. Rfc1 Qxc4 31. Nb5 Qd3 32. Rd1 Qc2 33. Nd6 Ra2
34. Bf3 Rf8 35. Rbc1 Qf2 36. Qxf2 Rxf2 37. b5 Na5 38. Kg1 Rb2 39. Rc7 e5 40.
fxe5 fxe5 41. Bg4 Nb3 42. Be6 Nd4 43. Bxf7 Nxb5 44. Nxb5 Rxf7 45. Rxf7+ Kxf7
46. Rd7+ 1-0

[Event "ODEM U25A 2013"]
[Site "Oberhof GER"]
[Date "2013.05.25"]
[Round "9"]
[White "Böhm, Malte"]
[Black "Wurm, Alexander"]
[Result "0-1"]
[Termination "normal"]
[Board "6"]
[WhiteElo "1992"]
[BlackElo "2081"]
[PlyCount "86"]
[WhiteFideId "1270629"]
[BlackFideId "24637246"]
[EventCountry "GER"]
[EventRounds "9"]
[EventType "swiss"]
[EventDate "2013.05.18"]

1. d4 Nf6 2. Nf3 d5 3. c4 e6 4. Nc3 Be7 5. e3 Nbd7 6. cxd5 exd5 7. Bd3 O-O 8.
O-O c6 9. Qc2 Bd6 10. Ne2 Re8 11. Ng3 g6 12. Bd2 Nf8 13. b4 Bg4 14. Ne1 h5 15.
b5 h4 16. Ne2 Ne4 17. f3 Nxd2 18. Qxd2 Bd7 19. bxc6 Bxc6 20. Nc3 Rc8 21. Nc2
Qc7 22. f4 a6 23. Rf3 Qa5 24. Ne4 Qxd2 25. Nxd2 Ba4 26. Ne1 Bb4 27. Nf1 f5 28.
Rf2 Bxe1 29. Rxe1 Rc3 30. Be2 Nd7 31. g4 hxg3 32. hxg3 Nf6 33. Rg2 Bd7 34. Bf3
Kf7 35. Rh2 b5 36. Ree2 b4 37. Rb2 a5 38. Bd1 Bb5 39. Be2 Bxe2 40. Rhxe2 Ng4
41. Rb3 Rec8 42. Nd2 Rc1+ 43. Kg2 R8c2 0-1

[Event "ODEM U25A 2013"]
[Site "Oberhof GER"]
[Date "2013.05.25"]
[Round "9"]
[White "Stabernack, Joschi"]
[Black "Galkin, Wladislaw"]
[Result "1/2-1/2"]
[Termination "normal"]
[Board "7"]
[WhiteElo "2022"]
[BlackElo "2066"]
[PlyCount "42"]
[WhiteFideId "12937258"]
[BlackFideId "4603192"]
[EventCountry "GER"]
[EventRounds "9"]
[EventType "swiss"]
[EventDate "2013.05.18"]

1. e4 e5 2. Nf3 Nc6 3. Bc4 Bc5 4. b4 Bxb4 5. c3 Ba5 6. d4 exd4 7. Qb3 Qf6 8.
O-O Nge7 9. cxd4 O-O 10. Bg5 Qg6 11. Bxe7 Nxe7 12. Qa3 Nc6 13. d5 Nb4 14. Qxa5
Nc2 15. Nbd2 Nxa1 16. Rxa1 d6 17. Qxc7 Bg4 18. Bd3 Rac8 19. Qa5 a6 20. Qa3 Qf6
21. Rc1 Qf4 1/2-1/2

[Event "ODEM U25A 2013"]
[Site "Oberhof GER"]
[Date "2013.05.25"]
[Round "9"]
[White "Schirrmacher, Carsten"]
[Black "Celmer, Ole"]
[Result "1/2-1/2"]
[Termination "normal"]
[Board "8"]
[WhiteElo "2095"]
[BlackElo "1882"]
[PlyCount "42"]
[WhiteFideId "24610445"]
[BlackFideId "24657107"]
[EventCountry "GER"]
[EventRounds "9"]
[EventType "swiss"]
[EventDate "2013.05.18"]

1. d4 Nf6 2. Bg5 Ne4 3. Bf4 c5 4. Nd2 Nxd2 5. Qxd2 cxd4 6. Qxd4 Nc6 7. Qd2 e5
8. Bg3 Bc5 9. e4 O-O 10. Bc4 d6 11. Ne2 Kh8 12. Nc3 f5 13. exf5 Bxf5 14. Nd5
Nd4 15. Ne3 a5 16. c3 Be6 17. b4 Nf3+ 18. gxf3 Bxe3 19. Qd3 Bxc4 20. Qxc4 Bf4
21. Qd5 Qc7 1/2-1/2

[Event "ODEM U25A 2013"]
[Site "Oberhof GER"]
[Date "2013.05.25"]
[Round "9"]
[White "Schreiber, Kevin"]
[Black "Alcer, Fabian"]
[Result "1/2-1/2"]
[Termination "normal"]
[Board "10"]
[WhiteElo "1886"]
[BlackElo "1732"]
[PlyCount "64"]
[WhiteFideId "24655830"]
[BlackFideId "24693898"]
[EventCountry "GER"]
[EventRounds "9"]
[EventType "swiss"]
[EventDate "2013.05.18"]

1. d4 Nf6 2. Nf3 g6 3. c4 c5 4. Nc3 cxd4 5. Nxd4 Nc6 6. Nxc6 bxc6 7. g3 Bg7 8.
Bg2 O-O 9. O-O Qc7 10. Rb1 Bb7 11. b4 d5 12. cxd5 cxd5 13. Qb3 e6 14. Be3 Rfc8
15. Rfc1 Qd7 16. Na4 Rxc1+ 17. Rxc1 Qb5 18. Nc5 Bc8 19. Bf1 a5 20. Bd2 axb4 21.
a4 Qb8 22. Bxb4 Nd7 23. e3 Nxc5 24. Rxc5 Bd7 25. Bb5 Bf8 26. Rc1 Bxb5 27. Bxf8
Bxa4 28. Qxb8 Rxb8 29. Bd6 Re8 30. Be5 Bb5 31. g4 h6 32. h4 Be2 1/2-1/2

[Event "ODEM U25A 2013"]
[Site "Oberhof GER"]
[Date "2013.05.25"]
[Round "9"]
[White "Reisberg, Andre"]
[Black "Weber, Daniel"]
[Result "0-1"]
[Termination "normal"]
[Board "11"]
[WhiteElo "1975"]
[BlackElo "1897"]
[PlyCount "38"]
[WhiteFideId "1270630"]
[BlackFideId "24615498"]
[EventCountry "GER"]
[EventRounds "9"]
[EventType "swiss"]
[EventDate "2013.05.18"]

1. d4 Nf6 2. c4 g6 3. Nc3 Bg7 4. e4 d6 5. Nf3 O-O 6. Be2 e5 7. O-O exd4 8. Nxd4
Nc6 9. Be3 Re8 10. f3 Nh5 11. Nxc6 bxc6 12. Qd2 f5 13. exf5 gxf5 14. Bg5 Qd7
15. Rfe1 Qf7 16. Bf1 Be6 17. b3 Qg6 18. Rad1 Bxc3 19. Qxc3 Qxg5 0-1

[Event "ODEM U25A 2013"]
[Site "Oberhof GER"]
[Date "2013.05.25"]
[Round "9"]
[White "Diller, Daniel"]
[Black "Stein, Daniel"]
[Result "1/2-1/2"]
[Termination "normal"]
[Board "12"]
[WhiteElo "1822"]
[BlackElo "1823"]
[PlyCount "41"]
[WhiteFideId "12908983"]
[BlackFideId "12939307"]
[EventCountry "GER"]
[EventRounds "9"]
[EventType "swiss"]
[EventDate "2013.05.18"]

1. c4 Nf6 2. g3 g6 3. Bg2 Bg7 4. Nc3 O-O 5. e4 c5 6. Nge2 Nc6 7. O-O Ne8 8. d3
Nc7 9. Be3 Ne6 10. Qd2 Ned4 11. Bh6 d6 12. Bxg7 Kxg7 13. Nxd4 Nxd4 14. Ne2 Rb8
15. Nxd4 cxd4 16. a4 e5 17. b4 f5 18. f4 Be6 19. Rae1 Qc7 20. c5 dxc5 21. fxe5
1/2-1/2

[Event "ODEM U25A 2013"]
[Site "Oberhof GER"]
[Date "2013.05.25"]
[Round "9"]
[White "Bilchinski, Anton"]
[Black "Schirra, Felix"]
[Result "1/2-1/2"]
[Termination "normal"]
[Board "13"]
[WhiteElo "1900"]
[BlackElo "1711"]
[PlyCount "45"]
[WhiteFideId "24615765"]
[BlackFideId "24692662"]
[EventCountry "GER"]
[EventRounds "9"]
[EventType "swiss"]
[EventDate "2013.05.18"]

1. d4 Nf6 2. c4 g6 3. Nc3 d5 4. Bf4 Bg7 5. e3 O-O 6. Rc1 c5 7. dxc5 Qa5 8. cxd5
Ne4 9. Nge2 Na6 10. Qa4 Qxa4 11. Nxa4 Nb4 12. Nec3 Nxc3 13. Nxc3 Bxc3+ 14. bxc3
Nxd5 15. Be5 Bd7 16. Be2 Rac8 17. Bd4 Rfe8 18. f4 Bc6 19. O-O Nf6 20. Bc4 Ne4
21. Bd3 a6 22. Rc2 Rcd8 23. Bxe4 1/2-1/2

[Event "ODEM U25A 2013"]
[Site "Oberhof GER"]
[Date "2013.05.25"]
[Round "9"]
[White "Kardoeus, David"]
[Black "Steingräber, Kai-Uwe"]
[Result "1/2-1/2"]
[Termination "normal"]
[Board "14"]
[WhiteElo "1894"]
[BlackElo "2169"]
[PlyCount "27"]
[WhiteFideId "12912050"]
[BlackFideId "1271602"]
[EventCountry "GER"]
[EventRounds "9"]
[EventType "swiss"]
[EventDate "2013.05.18"]

1. e4 e5 2. Bc4 Nc6 3. Nf3 Bc5 4. c3 Nf6 5. d4 exd4 6. cxd4 Bb4+ 7. Bd2 Bxd2+
8. Nbxd2 d5 9. exd5 Nxd5 10. Qb3 Na5 11. Qa4+ Nc6 12. Qb3 Na5 13. Qa4+ Nc6 14.
Qb3 1/2-1/2

[Event "ODEM U25A 2013"]
[Site "Oberhof GER"]
[Date "2013.05.25"]
[Round "9"]
[White "Alten, Silvio"]
[Black "Carow, Annelen"]
[Result "1/2-1/2"]
[Termination "normal"]
[Board "15"]
[WhiteElo "1878"]
[BlackElo "2025"]
[PlyCount "97"]
[WhiteFideId "24660078"]
[BlackFideId "24692492"]
[EventCountry "GER"]
[EventRounds "9"]
[EventType "swiss"]
[EventDate "2013.05.18"]

1. e4 c5 2. d4 cxd4 3. c3 Nf6 4. e5 Nd5 5. Nf3 e6 6. cxd4 b6 7. Nc3 Nxc3 8.
bxc3 Qc7 9. Bd2 Bb7 10. Bd3 d6 11. O-O Nd7 12. Ng5 dxe5 13. f4 e4 14. Bxe4 Bxe4
15. Nxe4 Be7 16. Qg4 g6 17. Qf3 Rc8 18. g4 h5 19. g5 Qc6 20. Kg2 b5 21. Nf2 Nb6
22. Rfc1 Qxf3+ 23. Kxf3 Rc4 24. Nd3 O-O 25. Nb2 Rc7 26. a4 bxa4 27. Nxa4 Nc4
28. Be1 Rd8 29. Nc5 Bxc5 30. dxc5 Rd5 31. Rd1 Rdxc5 32. Rd8+ Kh7 33. Bf2 Rf5
34. Bd4 e5 35. Rxa7 Rxf4+ 36. Ke2 Rxa7 37. Bxa7 Rh4 38. Bb8 Na5 39. Rd7 Nc6 40.
Rxf7+ Kg8 41. Rb7 Rxh2+ 42. Kf3 Rh4 43. Bd6 Rc4 44. Bb4 h4 45. Rb5 Kf7 46. Rc5
Rf4+ 47. Kg2 Nxb4 48. cxb4 Ke6 49. Rc6+ 1/2-1/2

[Event "ODEM U25A 2013"]
[Site "Oberhof GER"]
[Date "2013.05.25"]
[Round "9"]
[White "Mehling, Franziska"]
[Black "Beck, Michael"]
[Result "1/2-1/2"]
[Termination "normal"]
[Board "16"]
[WhiteElo "1690"]
[BlackElo "1985"]
[PlyCount "45"]
[WhiteFideId "12900133"]
[BlackFideId "1271924"]
[EventCountry "GER"]
[EventRounds "9"]
[EventType "swiss"]
[EventDate "2013.05.18"]

1. d4 Nf6 2. c4 g6 3. Nc3 Bg7 4. e4 d6 5. f3 O-O 6. Be3 Nc6 7. Nge2 a6 8. Qd2
Rb8 9. Nc1 e5 10. d5 Nd4 11. Nb3 Nxb3 12. axb3 Nh5 13. Be2 f5 14. O-O-O f4 15.
Bf2 b6 16. Kb1 Bd7 17. Rc1 Rf7 18. Rc2 Bf8 19. Rhc1 a5 20. Qd3 Ra8 21. g4 Ng7
22. h4 h6 23. Rh1 1/2-1/2

[Event "ODEM U25A 2013"]
[Site "Oberhof GER"]
[Date "2013.05.25"]
[Round "9"]
[White "Askri, Samir"]
[Black "Donath, Johann"]
[Result "0-1"]
[Termination "normal"]
[Board "17"]
[WhiteElo "1785"]
[BlackElo "1958"]
[PlyCount "56"]
[WhiteFideId "12924938"]
[BlackFideId "24685160"]
[EventCountry "GER"]
[EventRounds "9"]
[EventType "swiss"]
[EventDate "2013.05.18"]

1. d4 Nf6 2. c4 c5 3. d5 b5 4. cxb5 a6 5. b6 e6 6. Nc3 Nxd5 7. Nxd5 exd5 8.
Qxd5 Nc6 9. Bf4 Qxb6 10. Qe4+ Be7 11. Bd6 Qxb2 12. Rd1 Qb4+ 13. Qxb4 Nxb4 14.
g3 Bb7 15. Nf3 Bxd6 16. Rxd6 Nxa2 17. Bg2 Ke7 18. Rd3 Rhd8 19. O-O Nb4 20. Rc3
d6 21. Ra1 Rab8 22. e3 Nd5 23. Rca3 Nc7 24. Rc1 Bc6 25. Ng5 Bxg2 26. Kxg2 Rb2
27. e4 f6 28. Nf3 Re2 0-1

[Event "ODEM U25A 2013"]
[Site "Oberhof GER"]
[Date "2013.05.25"]
[Round "9"]
[White "Lansky, Georg"]
[Black "Reif, Gerold"]
[Result "1-0"]
[Termination "normal"]
[Board "20"]
[WhiteElo "1852"]
[BlackElo "1623"]
[PlyCount "29"]
[WhiteFideId "1270625"]
[BlackFideId "12971723"]
[EventCountry "GER"]
[EventRounds "9"]
[EventType "swiss"]
[EventDate "2013.05.18"]

1. e4 e5 2. f4 exf4 3. Nf3 d6 4. Bc4 Be6 5. Bxe6 fxe6 6. d4 g5 7. h4 g4 8. Ng5
Nf6 9. Nxe6 Qe7 10. d5 c6 11. Bxf4 Nxe4 12. Qd4 Nf6 13. Bg5 cxd5 14. Qxf6 h6
15. Qg6+ 1-0

[Event "ODEM U25A 2013"]
[Site "Oberhof GER"]
[Date "2013.05.25"]
[Round "9"]
[White "Lenz, Jonas"]
[Black "Litzka, Richard"]
[Result "1/2-1/2"]
[Termination "normal"]
[Board "21"]
[WhiteElo "1972"]
[BlackElo "1572"]
[PlyCount "49"]
[WhiteFideId "24691160"]
[EventCountry "GER"]
[EventRounds "9"]
[EventType "swiss"]
[EventDate "2013.05.18"]

1. e4 c5 2. Nf3 e6 3. d4 cxd4 4. Nxd4 a6 5. Bd3 Bc5 6. Nb3 Be7 7. Be3 Nc6 8. f4
Nf6 9. N1d2 O-O 10. c3 e5 11. f5 d5 12. Qf3 b5 13. a3 Bb7 14. Rd1 Na5 15. Nxa5
Qxa5 16. O-O Qa4 17. exd5 Bxd5 18. Qh3 Qg4 19. Qxg4 Nxg4 20. Bf2 Nxf2 21. Kxf2
Bc5+ 22. Kg3 Be3 23. Be4 Bxd2 24. Bxd5 Bf4+ 25. Kf3 1/2-1/2

[Event "ODEM U25A 2013"]
[Site "Oberhof GER"]
[Date "2013.05.25"]
[Round "9"]
[White "Gamisch, Laura"]
[Black "Khrapko, Marko"]
[Result "1/2-1/2"]
[Termination "normal"]
[Board "22"]
[WhiteElo "1763"]
[BlackElo "1818"]
[PlyCount "53"]
[WhiteFideId "24615161"]
[BlackFideId "12916293"]
[EventCountry "GER"]
[EventRounds "9"]
[EventType "swiss"]
[EventDate "2013.05.18"]

1. d4 Nf6 2. c4 c5 3. e3 e6 4. Nc3 b6 5. Nf3 Bb7 6. Be2 d5 7. O-O Bd6 8. dxc5
bxc5 9. cxd5 exd5 10. Bb5+ Nbd7 11. b3 O-O 12. Bb2 Qc7 13. Be2 a6 14. h3 Rfd8
15. Rc1 Rac8 16. Qc2 Ne5 17. Nb1 Qe7 18. Qf5 Qe6 19. Qxe6 Nxf3+ 20. Bxf3 fxe6
21. Rfd1 Nd7 22. Bg4 Re8 23. Rc2 Ne5 24. Be2 Nc6 25. a3 Na5 26. Nd2 Rc6 27. Bc3
1/2-1/2

[Event "ODEM U25A 2013"]
[Site "Oberhof GER"]
[Date "2013.05.25"]
[Round "9"]
[White "Werner, Justus"]
[Black "Reimers, Juri"]
[Result "1/2-1/2"]
[Termination "normal"]
[Board "23"]
[WhiteElo "1652"]
[BlackElo "1751"]
[PlyCount "41"]
[WhiteFideId "12941107"]
[BlackFideId "24661511"]
[EventCountry "GER"]
[EventRounds "9"]
[EventType "swiss"]
[EventDate "2013.05.18"]

1. c4 c6 2. g3 d5 3. cxd5 cxd5 4. Bg2 Nf6 5. Nf3 Bf5 6. d3 e6 7. O-O Bd6 8.
Nbd2 O-O 9. b3 Bg6 10. Bb2 Qe7 11. Ne5 Nbd7 12. Ndf3 Rac8 13. Rc1 Bh5 14. Nxd7
Nxd7 15. Qd2 Nc5 16. Qc3 f6 17. d4 Ne4 18. Qxc8 Rxc8 19. Rxc8+ Be8 20. Rfc1 Kf7
21. R8c2 1/2-1/2

[Event "ODEM U25A 2013"]
[Site "Oberhof GER"]
[Date "2013.05.25"]
[Round "9"]
[White "Nobis, Philipp"]
[Black "Schwedek, Tony"]
[Result "1/2-1/2"]
[Termination "normal"]
[Board "24"]
[WhiteElo "1716"]
[BlackElo "1933"]
[PlyCount "81"]
[WhiteFideId "24602183"]
[BlackFideId "12908312"]
[EventCountry "GER"]
[EventRounds "9"]
[EventType "swiss"]
[EventDate "2013.05.18"]

1. c4 e5 2. g3 Nf6 3. Bg2 d5 4. cxd5 Nxd5 5. Nc3 Nb6 6. Nf3 Nc6 7. O-O Be7 8.
b3 O-O 9. Bb2 f6 10. d3 Be6 11. h3 Nd5 12. Nxd5 Bxd5 13. Rc1 a5 14. a3 Qd7 15.
Qc2 Rfc8 16. Rfd1 a4 17. bxa4 Qe6 18. Nd2 Bxg2 19. Kxg2 Qd5+ 20. Nf3 Na5 21.
Qc3 Nb3 22. Qc4 Qxc4 23. Rxc4 Nc5 24. Rdc1 b6 25. Bc3 Rxa4 26. Bb4 Bf8 27. Nd2
Ne6 28. Bxf8 Rxc4 29. Nxc4 Rxf8 30. Rb1 Ra8 31. Rb2 Kf7 32. h4 Ke7 33. Kf3 Nd4+
34. Ke4 b5 35. e3 bxc4 36. exd4 exd4 37. dxc4 Rd8 38. c5 Ke6 39. Kd3 Kd5 40.
Rb4 Kxc5 41. Rc4+ 1/2-1/2

[Event "ODEM U25A 2013"]
[Site "Oberhof GER"]
[Date "2013.05.25"]
[Round "9"]
[White "von Reppert, Marc"]
[Black "Stark, Sven"]
[Result "1/2-1/2"]
[Termination "normal"]
[Board "25"]
[WhiteElo "1681"]
[BlackElo "1862"]
[PlyCount "40"]
[WhiteFideId "12918130"]
[BlackFideId "4670124"]
[EventCountry "GER"]
[EventRounds "9"]
[EventType "swiss"]
[EventDate "2013.05.18"]

1. d4 d5 2. c4 e6 3. Nf3 c6 4. e3 f5 5. Bd3 Nf6 6. b3 Bd6 7. O-O O-O 8. Nc3 Ne4
9. Ne2 Nd7 10. Bb2 Qf6 11. Ng3 Qh6 12. Qe2 Ndf6 13. Ne5 Bxe5 14. dxe5 Ng4 15.
h3 Nxe3 16. Bc1 f4 17. Bxe3 fxe3 18. Bxe4 dxe4 19. fxe3 Bd7 20. Nxe4 Rf5
1/2-1/2

[Event "ODEM U25A 2013"]
[Site "Oberhof GER"]
[Date "2013.05.25"]
[Round "9"]
[White "Stark, Timo"]
[Black "Halas, Lena"]
[Result "1/2-1/2"]
[Termination "normal"]
[Board "26"]
[WhiteElo "1843"]
[BlackElo "1668"]
[PlyCount "66"]
[WhiteFideId "4670183"]
[BlackFideId "12931799"]
[EventCountry "GER"]
[EventRounds "9"]
[EventType "swiss"]
[EventDate "2013.05.18"]

1. e4 c6 2. Nf3 d5 3. exd5 cxd5 4. d4 Bf5 5. Bd3 Bxd3 6. Qxd3 Nc6 7. O-O Nf6 8.
Bf4 e6 9. Nc3 a6 10. Rfe1 Bd6 11. Bg5 O-O 12. Ne2 Rc8 13. c3 b5 14. Ng3 h6 15.
Bd2 Qc7 16. a4 Rb8 17. axb5 axb5 18. b4 Qb7 19. Ra3 Ne7 20. Ne5 Nc8 21. Rea1
Nd7 22. f4 Nxe5 23. fxe5 Be7 24. Nh5 Bg5 25. Qg3 f6 26. Bf4 Bxf4 27. Qxf4 Qc7
28. Rf1 f5 29. Qg3 Qf7 30. Nf4 Nb6 31. Rfa1 Na4 32. h4 Rfc8 33. Qe1 Qd7 1/2-1/2

[Event "ODEM U25A 2013"]
[Site "Oberhof GER"]
[Date "2013.05.25"]
[Round "9"]
[White "Arns, Alexander"]
[Black "Torzinski, Nils"]
[Result "1-0"]
[Termination "normal"]
[Board "27"]
[WhiteElo "1685"]
[BlackElo "1805"]
[PlyCount "77"]
[WhiteFideId "12944009"]
[BlackFideId "24695840"]
[EventCountry "GER"]
[EventRounds "9"]
[EventType "swiss"]
[EventDate "2013.05.18"]

1. e4 e5 2. Nf3 Nc6 3. Bb5 a6 4. Ba4 Nf6 5. O-O b5 6. Bb3 Be7 7. Re1 O-O 8. h3
d6 9. c3 Nb8 10. d4 Nbd7 11. Nbd2 c5 12. d5 Re8 13. Nf1 Bf8 14. Bd2 g6 15. Qc1
Bg7 16. Bh6 c4 17. Bc2 Nh5 18. Bd2 Nc5 19. g4 Nf6 20. Ng3 Rb8 21. Be3 Nfd7 22.
Qd1 a5 23. Nd2 Ba6 24. b4 cxb3 25. Nxb3 Qc7 26. Nxc5 Nxc5 27. Bd2 b4 28. cxb4
axb4 29. Be3 Rec8 30. Rc1 Qa5 31. Bb1 Bb5 32. Qd2 Na4 33. Rxc8+ Rxc8 34. Rc1
Nc3 35. Qb2 Ra8 36. Bd2 Nxa2 37. Bxa2 Qxa2 38. Qxa2 Rxa2 39. Rc8+ 1-0

[Event "ODEM U25A 2013"]
[Site "Oberhof GER"]
[Date "2013.05.25"]
[Round "9"]
[White "Valet, Alexander"]
[Black "Reinfelder, Fabian"]
[Result "0-1"]
[Termination "normal"]
[Board "28"]
[WhiteElo "1910"]
[BlackElo "1498"]
[PlyCount "88"]
[WhiteFideId "24682560"]
[BlackFideId "12963607"]
[EventCountry "GER"]
[EventRounds "9"]
[EventType "swiss"]
[EventDate "2013.05.18"]

1. e4 c6 2. d4 d5 3. Nc3 dxe4 4. Nxe4 Bf5 5. Ng3 Bg6 6. Nf3 Nd7 7. h4 h6 8. Bd3
Bxd3 9. Qxd3 e6 10. Bf4 Qa5+ 11. c3 Qb6 12. b4 Ngf6 13. Ne4 Nxe4 14. Qxe4 Nf6
15. Qd3 Be7 16. O-O O-O 17. Ne5 Rfd8 18. a4 a5 19. Nc4 Qa6 20. Bc7 Re8 21. Bxa5
Nd5 22. Rab1 Nf4 23. Qf3 Qxc4 24. Qxf4 Qxc3 25. g3 Bd8 26. Bxd8 Rexd8 27. Qc7
Rxd4 28. Qxb7 Rxa4 29. Rfc1 Qf3 30. Rxc6 Qf5 31. Rcc1 Rd2 32. Qg2 Raa2 33. Rc8+
Kh7 34. Rf1 Rab2 35. Rc4 Rd3 36. Rf4 Qg6 37. Rc1 Rdb3 38. Rc7 f6 39. Qb7 Rxg3+
40. Kh2 e5 41. Rxf6 Qxf6 42. Kxg3 Qxf2+ 43. Kg4 Qf4+ 44. Kh3 Rh2# 0-1

[Event "ODEM U25A 2013"]
[Site "Oberhof GER"]
[Date "2013.05.25"]
[Round "9"]
[White "Peters, Tom"]
[Black "Erofeev, Anastasia"]
[Result "1-0"]
[Termination "normal"]
[Board "30"]
[WhiteElo "1852"]
[BlackElo "1813"]
[PlyCount "75"]
[WhiteFideId "24694444"]
[BlackFideId "12917915"]
[EventCountry "GER"]
[EventRounds "9"]
[EventType "swiss"]
[EventDate "2013.05.18"]

1. e4 e5 2. Bc4 Bc5 3. Nf3 Nc6 4. c3 Nf6 5. d3 d6 6. Bb3 Bg4 7. h3 Bh5 8. Nbd2
Ne7 9. Nf1 Ng6 10. g4 Nxg4 11. hxg4 Bxg4 12. N1h2 Bh5 13. Qc2 h6 14. Rg1 Qf6
15. Rg3 Nh4 16. Nxh4 Qxh4 17. Nf1 g5 18. Be3 Bxe3 19. fxe3 O-O-O 20. Qh2 Qxh2
21. Nxh2 Bg6 22. Kd2 Kd7 23. Rf1 Rdf8 24. Ng4 Ke7 25. Nf6 c6 26. Bd1 Rd8 27. c4
a6 28. Nh5 Bxh5 29. Bxh5 Rdf8 30. Rgf3 f6 31. Rh1 d5 32. exd5 f5 33. e4 f4 34.
Bg4 cxd5 35. cxd5 Kd6 36. Rfh3 Rf6 37. Ke2 Ke7 38. Rh5 1-0

[Event "ODEM U25A 2013"]
[Site "Oberhof GER"]
[Date "2013.05.25"]
[Round "9"]
[White "Göttel, Tobias"]
[Black "Schroeder, Stefan"]
[Result "1-0"]
[Termination "normal"]
[Board "31"]
[WhiteElo "1989"]
[BlackElo "1694"]
[PlyCount "39"]
[WhiteFideId "24693316"]
[BlackFideId "12971707"]
[EventCountry "GER"]
[EventRounds "9"]
[EventType "swiss"]
[EventDate "2013.05.18"]

1. e4 e6 2. d4 d5 3. Nc3 Bb4 4. e5 c5 5. Bd2 cxd4 6. Nb5 Be7 7. Qg4 Kf8 8. Nf3
Nc6 9. Bd3 f6 10. Nbxd4 Nxd4 11. Qxd4 fxe5 12. Nxe5 Nf6 13. O-O Bd7 14. Rfe1 a6
15. Qe3 Be8 16. Nf3 Bd7 17. Ng5 Qc7 18. Qxe6 Be8 19. Qxf6+ Bxf6 20. Ne6+ 1-0